The English novel in France, 1830-1870 /

Bibliographic Details
Main Author: Devonshire, M. G. (Marian Gladys)
Format: Book
Language:English
Published: New York : Octagon Books, 1967.
Subjects:

MARC

Tag First Indicator Second Indicator Subfields
LEADER 00000cam a22000001 4500
001 in00000141513
005 20151004060045.0
008 740610r19671929nyu b 00010 eng
010 |a  67020206  
035 |a (OCoLC)00300044 
035 |9 AAQ9400AM 
040 |a DLC  |c DLC  |d TXA  |d UtOrBLW 
049 |a TXAM  |c [913864] 
050 0 0 |a PR871  |b .D4 1967 
082 0 |a 823/.8/09 
100 1 |a Devonshire, M. G.  |q (Marian Gladys) 
245 1 4 |a The English novel in France, 1830-1870 /  |c [by] M. G. Devonshire. 
264 1 |a New York :  |b Octagon Books,  |c 1967. 
300 |a xvi, 484 pages ;  |c 23 cm. 
336 |a text  |b txt  |2 rdacontent 
337 |a unmediated  |b n  |2 rdamedia 
338 |a volume  |b nc  |2 rdacarrier 
500 |a Reprint of the 1929 edition. 
504 |a Bibliography: pages 447-448. 
650 0 |a English fiction  |y 19th century  |x History and criticism. 
650 0 |a Comparative literature  |x English and French. 
650 0 |a Comparative literature  |x French and English. 
999 |a MARS 
999 f f |s d9417a4c-6437-3626-8690-4ff23dc4a397  |i 5c1d15e4-431f-390c-8ffa-c0ad123f51e3  |t 0 
952 f f |p ric  |a Texas A&M University  |b Rellis Campus  |c Joint Library Facility  |d Remote Storage  |t 0  |e PR871 .D4 1967  |h Library of Congress classification  |i unmediated -- volume  |m A14803861402 
998 f f |a PR871 .D4 1967  |t 0  |l Remote Storage